000 01992nam a22003737a 4500
001 42835
003 gtgccic
005 20251112114749.0
007 ta
008 251112b gt ||||| |||| 00| 0 spa d
040 _agtgccic
_bspa
_cgtgccic
_erda
084 _0TPI-16-0111
100 1 0 _aRómulo Enock Salguero Salvador
_dIngeniero Químico
_eautor
245 1 0 _aSistema de gestión de la calidad del agua que consume la población urbana del municipio
_bde El Progreso, Jutiapa, basado en la metodología del plan de seguridad para calidad del agua de la OMS /
_cSalguero Salvador, Rómulo Enock
264 1 _aGuatemala, Guatemala :
_bUSAC, Facultad de Ingeniería ;
_c2016.-
300 _axxxviii,124 p. :
_bil. ;
_c27 cm
336 _2rdacontenido
_aTexto
_btxt
337 _2rdamedio
_asin mediación
_bn
338 _2rdasoporte
_avolumen
_bnc
502 _aTesis de postgrado
_bMAESTRO EN INGENIERÍA EN DESARROLLO MUNICIPAL
_cUSAC, Facultad de Ingeniería, Escuela de Postgrado
_d2016
_oTPI-16-0111
504 _aBibliografía pag. 97
505 _t1. ANTECEDENTES (el agua potable)
505 _t2. MARCO TEÓRICO (calidad del agua)
505 _t3. PRESENTACIÓN DE RESULTADOS
505 _t4. INTERPRETACIÓN, ANÁLISIS Y DISCUSIÓN DE RESULTADOS
505 _t5. PROPUESTA DE UN PLAN DE SEGURIDAD
520 3 _aEl presente trabajo consiste en hacer una evaluación del sistema de distribución de agua del municipio de El Progreso, Jutiapa y compararlo con la metodología del plan de seguridad para calidad del agua de la OMS, con el objeto de establecer un sistema de distribución en dicha cabecera municipal, que garantice a sus habitantes la sostenibilidad de la calidad del vital líquido que consume y que siempre sea apta para consumo humano.
650 _aGESTIÓN
650 _aCALIDAD DEL AGUA
650 _aORDENAMIENTO DE LA CALIDAD DEL AGUA
700 _aMsc. Ing. Renato Giovanni Ponciano Sandoval
_easesor
942 _2ddc
_cTPS
945 _aamlo
999 _c2524
_d2524